00532nam a2200181 a 45000010010000000030011000100080041000210350026000620820014000881000025001022450023001272600043001506500019001939420012002129520091002249980020003159990015003350000-9328ELIB.Books110520 1945  a(ELIB.Books)0000-9480 a248 bGil aGilkey, James Gordon aWhen Life Get Hard bNew York; The Macmillan Company c1945 aChristian Life 2ddccBK 00102ddc4070aKBTSbKBTSd2011-05-20l0p10776r2022-01-22 00:00:00w2022-01-22yBK cbate2011-05-20 c9328d9328